| Registos Bibliográficos associados ao registo de autoridade |
|
Etiqueta de registo: 00254nam 2200025 450 001 2289476 003 http://id.bnportugal.gov.pt/bib/catbnp/2289476 100 ## $a20260702d2025 k y0pory01030103ba 101 0# $apor$deng 102 ## $aPT 105 ## $aa m 000yy 106 ## $ar 200 1# $aEducação artística e cidadania$e um estudo de caso sobre expressão musical no ensino fundamental privado de Belo
Horozonte$fCarlos Evo Magro Corrêa Urbano$gorient. Rita Gisela Martins de Azevedo, Joaquim José Jacinto Escola 210 #9 $aVila Real$c[s.n.],$d2025 215 ## $aXIII, 354 p.$cil.$d30 cm 328 #1 $aTese doutoramento Ciências da Educação, Universidade de Trás-os-Montes e Alto Douro,
2025 700 #1 $aUrbano,$bCarlos Evo Magro Corrêa $32002498 702 #1 $aAzevedo,$bRita Gisela Martins de$4727$31182037 702 #1 $aEscola,$bJoaquim José Jacinto$4727$3106371 801 #0 $aPT$bBN$gRPC 966 ## $lBN$mFGMON$x1 971 ## $cjbeatriz$d20260702
|
|
|